000 00757nam a22002297a 4500
999 _c172643
_d172643
005 20200210123354.0
008 090520t xxu||||| |||| 00| 0 Ur d
010 _a92747
020 _a-
_c10.50
035 _a92747
037 _bDihati Pustak Bhandar
040 _adpl
_bUrdu
082 _a841
245 _aتلسی ر ا ما ين/ ر ا م چر ت ما نس
246 _aTulsi Ramayan / Ramcharit Manas
_bby Tulsi Dass
260 _aDelhi
_bDehati Pustak Bhandar
_c1956
270 _aChawri Bazar
_bDelhi
_e6
_k-
_l-
300 _a670 p.
_b24cm.(Hb)
710 _aسيّدہ جعفر
942 _2ddc
_cUR
_h841
_mر ا م